Criteria Characters: Lord of the Rings Quiz Stats

 Plays Quiz Updated Jul 13, 2016

Challenge
Share
Tweet
Embed
Score 0/13 Timer 08:00
0 Plays Today
% Correct
???
100%
???
91.7%
???
89.4%
???
83.2%
???
76.3%
???
44.3%
???
39.1%
???
34%
???
33.6%
???
31.2%
???
30.8%
???
29.8%
???
29.8%

You're not logged in!

Compare scores with friends on all Sporcle quizzes.
Join for Free
OR
Log In

You Might Also Like...

Show Comments

Extras

Top Quizzes Today


Score Distribution

Your Account Isn't Verified!

In order to create a playlist on Sporcle, you need to verify the email address you used during registration. Go to your Sporcle Settings to finish the process.

Report this User

Report this user for behavior that violates our Community Guidelines.

Details: